Countries of Europe Quiz But the Letter A Retired - Statistics

General Stats
  • This quiz has been taken 462 times
  • The average score is 43 of 45
Answers on the Map
Answers color-coded by a green-red scale on the quiz's map according to % correct below.
 
Answer Stats
Country % Correct
United Kingdom
99%
Belgium
98%
Frnce
98%
Irelnd
98%
Spin
98%
Sweden
98%
Denmrk
97%
Finlnd
97%
Germny
97%
Greece
97%
Itly
97%
Netherlnds
97%
Norwy
97%
Polnd
97%
Portugl
97%
Russi
97%
Ukrine
97%
Ustri
97%
Belrus
96%
Estoni
96%
Hungry
96%
Icelnd
96%
Ltvi
96%
Luxembourg
96%
Czech Republic
95%
Lithuni
95%
Ndorr
95%
Romni
95%
Slovki
95%
Switzerlnd
95%
Bulgri
94%
Croti
94%
Kosovo
94%
Liechtenstein
94%
Sloveni
94%
Bosni nd Herzegovin
93%
Lbni
93%
Monco
93%
Serbi
93%
Moldov
92%
Montenegro
92%
Sn Mrino
92%
Vticn City
92%
North Mcedoni
91%
Mlt
90%
No matching quizzes found
Score Distribution
Percent of People with Each Score
Percentile by Number Answered
Your Score History
You have not taken this quiz